| 000 | 01227nam a22003017a 4500 | ||
|---|---|---|---|
| 001 | 46 | ||
| 003 | OSt | ||
| 005 | 20250528074010.0 | ||
| 008 | 250122b |||||||e |||| 00| 1 eng d | ||
| 040 | _bpor | ||
| 041 |
_hger _apor |
||
| 082 |
_a890 _bB347g |
||
| 100 | 1 |
_aBaum, Vicki, _d1888-1960. _9134 |
|
| 240 | _aMenschen im Hotel | ||
| 245 |
_aGrande Hotel / _cBaum, Vicki ; Tradução de Lavinia Viotti |
||
| 260 |
_aSão Paulo _bCírculo do Livro |
||
| 300 | _a290 P. | ||
| 520 | _a"Grande Hotel" é um livro de Vicki Baum, escrito em 1931 e que conta as histórias entrelaçadas de várias personagens que transitam por um hotel situado em Berlim, o qual dá título ao verbete. Participam do enredo uma bailarina russa em decadência (Grusinskaia), um barão inescrupuloso que tenta enganá-la (Barão von Geigern) e um empregado de escritório (Kringelein) que, sabendo estar próxima a sua morte, decide viver com fausto seus últimos dias. | ||
| 650 | 0 |
_aLiteratura austriaca _9135 |
|
| 650 | 0 |
_aHistórico _953 |
|
| 650 | 0 |
_aÉpoca _931 |
|
| 650 | 0 |
_aClássicos _977 |
|
| 650 | 0 |
_aFilme _926 |
|
| 655 | 0 |
_aRomance _923 |
|
| 655 | 0 |
_aFicção _922 |
|
| 700 |
_aLavinia Viotti _eTradutor _9136 |
||
| 942 |
_2ddc _n0 _cBK |
||
| 999 |
_c46 _d46 |
||